| 000 | 00620cam a2200205 4500 | ||
|---|---|---|---|
| 001 | 21247 | ||
| 005 | 20230411085823.0 | ||
| 008 | 060907n2001 sp spa | ||
| 020 | _a8477388245 | ||
| 035 | _9funglode21405 | ||
| 041 | _aspa | ||
| 050 | 1 | 4 |
_aR G 1796 _bL864a 2001 |
| 100 | 1 | _aLópez - Davalillo Larrea, Julio | |
| 245 | 1 | 0 |
_aAtlas histórico de Europa desde el paleolítico hasta el siglo XX / _cJulio López - Davalillo Larrea |
| 260 |
_aMadrid : _bEditorial Síntesis, _c2001 |
||
| 300 | _a303 p. | ||
| 651 | 0 |
_aEurope _xHistorical geography _vMaps. |
|
| 651 | 0 |
_aEurope _vMaps. |
|
| 942 |
_2lcc _cbk |
||
| 999 |
_c107828 _d107828 |
||